Strategic Management Practices on Competitiveness of Private Chatered Universities in Kenya

Αποθηκεύτηκε σε:
Λεπτομέρειες βιβλιογραφικής εγγραφής
Κύριος συγγραφέας: Wangari, Catherine N. (Συγγραφέας)
Μορφή: Βιβλίο
Γλώσσα:Αγγλικά
Έκδοση: Nairobi Daystar University 2024
Θέματα:
Ετικέτες: Προσθήκη ετικέτας
Δεν υπάρχουν, Καταχωρήστε ετικέτα πρώτοι!

MARC

LEADER 00000nam a22000007a 4500
003 OSt
005 20250829115155.0
008 250829b |||||||| |||| 00| 0 eng d
040 |a DUL  |b Eng  |c DUL  |d GKanini 
050 |a HD30.28.K4W36 2024 
100 |a Wangari, Catherine N.  |e author 
245 |a Strategic Management Practices on Competitiveness of Private Chatered Universities in Kenya   |c by Catherine N. Wangari  
260 |a Nairobi  |b Daystar University  |c 2024 
300 |a xi, 152 p  |b ill 
500 |a A Thesis presented to the School of Business and Economics of Daystar University, Nairobi, Kenya in partial fulfilment of the requirements for the degree of Masters in Business Administration in Strategic Management and Marketing  
650 |a strategic management 
942 |2 lcc  |c THES  |h HD30.28  |i .K4W36   |k THES  |m 2024  |6 HD003028 K4 W36 
952 |0 0  |1 0  |2 lcc  |4 0  |6 HD003028 K4 W36 02024  |7 0  |8 AFR  |9 143947  |a DUA  |b DUA  |c AFR  |d 2025-08-29  |e Daystar University  |g 2500.00  |l 0  |o HD30.28.K4W36 2024  |p BK0113548  |r 2025-08-29 11:52:17  |w 2025-08-29  |x 113548  |y THES 
952 |0 0  |1 0  |2 lcc  |4 0  |6 HD003028 K4 W36 02024  |7 0  |8 AFR  |9 143948  |a DUN  |b DUN  |c AFR  |d 2025-08-29  |e Daystar University  |g 2500.00  |l 0  |o HD30.28.K4W36 2024  |p BK0113549  |r 2025-08-29 11:52:00  |w 2025-08-29  |x 113549  |y THES 
999 |c 249082  |d 249081